000 00284nam a22001217a 4500
003 OSt
005 20260116112036.0
008 260116b |||||||| |||| 00| 0 eng d
040 _cfms
100 _aROBBINS(S.P)
_9898174
245 _aOrganizational Behavior
942 _2CC
_cTB
_e16
_n0
999 _c1490771
_d1490771